| 000 | 00666nam a2200181Ia 4500 | ||
|---|---|---|---|
| 003 | GCL | ||
| 005 | 20240530105131.0 | ||
| 008 | 140319s9999 xx 000 0 ara d | ||
| 040 |
_aGCL / _cGCL |
||
| 082 | 0 | 4 |
_a342.085\ _bع ع |
| 100 | 1 | _aعبدالمنعم محفوظ | |
| 245 | 1 | 0 |
_aعلاقة الفرد بالسلطة الحريات العامة وضمانات ممارستها : دراسة مقارنة / _cعبدالمنعم محفوظ |
| 260 |
_a[S.N] : _bدار الهنا للطباعة، |
||
| 300 |
_a2 جزء - 3 مج ؛ _c24 سم |
||
| 650 | 0 | 4 | _aالقانون العام |
| 650 | 0 | 4 |
_aالحرية _xقوانين وتشريعات |
| 942 |
_2ddc _cBK |
||
| 999 |
_c53441 _d53441 |
||